| 000 | 00777nam a2200205 i 4500 | ||
|---|---|---|---|
| 001 | 67247 | ||
| 003 | ES-MaACL | ||
| 005 | 20250909203450.0 | ||
| 007 | t| | ||
| 008 | 040513s2001 sp ||||1| spa d | ||
| 080 | _a821.134.2 Gracián, Baltasar 7 Criticón.06 | ||
| 100 | 0 |
_aGómez-Tabanera, José Manuel, _d1926-2011 _958165 |
|
| 245 | 1 | 0 |
_aSobre "El Criticón" y los barruntos de la antropología / _cJ.M. Gómez-Tabanera. |
| 260 |
_aMadrid : _bFundación Federico García Lorca, _c2001. |
||
| 300 |
_ap. [163]-182 ; _c21 cm. |
||
| 500 | _aSeparata del número 29-30 del Boletín de la Fundación Federico García Lorca, 2001. | ||
| 600 | 1 | 4 |
_aGracián, Baltasar, _d1601-1658. _tEl Criticón _959481 |
| 852 |
_aES-MaACL _j2178-F-29 _bR.133785 |
||
| 999 |
_c67247 _d67247 |
||